Národohospodárske plánovanie zbierka príkladov z národohospodárskeho plánovania

Saved in:
Bibliographic Details
Main Author: Kosorín, František
Corporate Author: Vysoká škola ekonomická v Bratislave. Národohospodárska fakulta
Format: Book
Language:Slovak
Published: Bratislava Vysoká škola ekonomická 1983
Tags: Add Tag
No Tags, Be the first to tag this record!

MARC

LEADER 00000nam a2200000 4500
001 c128801
005 20230116103500.4
041 0 |a slo 
044 |a SK 
245 1 0 |a Národohospodárske plánovanie  |b zbierka príkladov z národohospodárskeho plánovania  |c František Kosorín a kol. 
264 1 |a Bratislava  |b Vysoká škola ekonomická  |c 1983 
300 |a 215 s. 
100 1 |a Kosorín, František 
710 2 |a Vysoká škola ekonomická v Bratislave. Národohospodárska fakulta